[Event "IX Floripa Chess Open Fort Atacadista"]
[Site "Florianópolis - Santa Catari"]
[Date "2023.01.27"]
[Round "8.89"]
[White "De Oliveira, Aquiles Machado"]
[Black "Mariot Vaz, Joao Antonio Bertol"]
[Result "1-0"]
[WhiteElo "2013"]
[BlackElo "1756"]
[PlyCount "99"]
[EventDate "2023.01.23"]
[EventRounds "10"]
[EventCountry "BRA"]

1. Nc3 c5 2. e4 Nc6 3. f4 g6 4. g3 Bg7 5. Nf3 d6 6. Bg2 e6 7. d3 Nge7 8. O-O
O-O 9. Be3 b6 10. d4 d5 11. exd5 Nf5 12. Bf2 Ncxd4 13. dxe6 Bxe6 14. Ng5 Bd7
15. Re1 h6 16. Nf3 Nxf3+ 17. Qxf3 Rc8 18. Rad1 Nd4 19. Qd3 Bf5 20. Ne4 Qc7 21.
c3 Ne6 22. Qd6 Rfd8 23. Qxc7 Rxc7 24. Rxd8+ Nxd8 25. Nxc5 Ne6 26. Ne4 Rd7 27.
h3 Bxe4 28. Bxe4 Rd2 29. Rb1 Bf8 30. Be1 Re2 31. Bf3 Bc5+ 32. Kh1 Re3 33. Kg2
Ng7 34. b4 Be7 35. Kf2 Nf5 36. Rd1 Bf6 37. Bd2 Rd3 38. Ke2 Rd8 39. g4 Nd6 40.
Be1 Re8+ 41. Kd3 Nb5 42. c4 Nd4 43. Be4 Rd8 44. Bd5 Kg7 45. Bc3 Ne6 46. Bxf6+
Kxf6 47. Ke3 g5 48. fxg5+ Kxg5 49. Rf1 Nf4 50. h4+ 1-0

[Event "IX Floripa Chess Open Fort Atacadista"]
[Site "Florianópolis - Santa Catari"]
[Date "2023.01.27"]
[Round "8.90"]
[White "Parijos De Melo, Luiz Claudio"]
[Black "Mesquita, Guilherme"]
[Result "1-0"]
[WhiteElo "1737"]
[BlackElo "2007"]
[PlyCount "37"]
[EventDate "2023.01.23"]
[EventRounds "10"]
[EventCountry "BRA"]

1. e4 c5 2. Nf3 d6 3. Bb5+ Bd7 4. Bxd7+ Qxd7 5. c4 Qg4 6. O-O Qxe4 7. d4 cxd4
8. Nxd4 Nc6 9. Nb5 O-O-O 10. N1c3 Qxc4 11. Be3 a6 12. Na7+ Kb8 13. Nxc6+ Qxc6
14. Rc1 e5 15. Nd5 Qe8 16. Nc7 Qd7 17. Qb3 d5 18. Nxa6+ Ka8 19. Rc7 1-0

[Event "IX Floripa Chess Open Fort Atacadista"]
[Site "Florianópolis - Santa Catari"]
[Date "2023.01.27"]
[Round "8.91"]
[White "Lima, Vinicius Taishun"]
[Black "Miranda Fernandez, Marcos Manuel"]
[Result "1/2-1/2"]
[WhiteElo "1997"]
[BlackElo "1759"]
[PlyCount "89"]
[EventDate "2023.01.23"]
[EventRounds "10"]
[EventCountry "BRA"]

1. e4 c5 2. Nf3 d6 3. d4 cxd4 4. Nxd4 Nf6 5. Nc3 a6 6. f4 e5 7. Nf3 Nbd7 8. a4
Be7 9. Bd3 O-O 10. O-O exf4 11. Kh1 Qc7 12. Bxf4 Ne5 13. Qe1 Be6 14. Bg5 Ng6
15. Nd4 Nd7 16. Bxe7 Nxe7 17. Qg3 Ne5 18. Nf5 Bxf5 19. exf5 f6 20. Be4 Kh8 21.
Rad1 Rab8 22. b3 Rg8 23. Nd5 Nxd5 24. Rxd5 Rbd8 25. Rfd1 Rge8 26. h3 Re7 27.
R1d2 Rde8 28. Kh2 Nf7 29. Bf3 Re3 30. Qf4 Ne5 31. Bh5 Nf7 32. Bxf7 Qxf7 33.
Rxd6 h6 34. Rd7 R3e7 35. Qc7 b5 36. a5 Rxd7 37. Qxd7 Qxd7 38. Rxd7 Rc8 39. Rd6
Rxc2 40. Rxa6 Rb2 41. Ra8+ Kh7 42. a6 Rxb3 43. a7 Ra3 44. Rb8 Rxa7 45. Rxb5
1/2-1/2

[Event "IX Floripa Chess Open Fort Atacadista"]
[Site "Florianópolis - Santa Catari"]
[Date "2023.01.27"]
[Round "8.92"]
[White "Costa, Paulo Sergio"]
[Black "Pertuzatti, Daniel"]
[Result "0-1"]
[WhiteElo "1721"]
[BlackElo "1973"]
[PlyCount "57"]
[EventDate "2023.01.23"]
[EventRounds "10"]
[EventCountry "BRA"]

1. d4 d5 2. Nf3 c5 3. c3 Nc6 4. Bf4 Qb6 5. b3 cxd4 6. Nxd4 f6 7. Nxc6 bxc6 8.
Be3 Qc7 9. g3 e5 10. Bg2 Bd6 11. O-O Ne7 12. f3 c5 13. Na3 Qa5 14. Qc1 h5 15.
f4 e4 16. Rd1 Bb7 17. Bxe4 dxe4 18. Nc4 Qa6 19. Nxd6+ Kf8 20. Nxb7 Qxb7 21.
Bxc5 h4 22. g4 h3 23. Qe3 Re8 24. Rd4 Kf7 25. Bxe7 Rxe7 26. Rad1 Qc8 27. f5 Rh4
28. Rd8 Rxg4+ 29. Kf2 0-1

[Event "IX Floripa Chess Open Fort Atacadista"]
[Site "Florianópolis - Santa Catari"]
[Date "2023.01.27"]
[Round "8.93"]
[White "Felix, Joao Eduardo Orland"]
[Black "Custodio, Leandro"]
[Result "0-1"]
[WhiteElo "1693"]
[BlackElo "1964"]
[PlyCount "38"]
[EventDate "2023.01.23"]
[EventRounds "10"]
[EventCountry "BRA"]

1. e4 Nc6 2. Nc3 d6 3. Nf3 Nf6 4. d4 Bg4 5. h3 Bxf3 6. gxf3 e6 7. d5 exd5 8.
exd5 Qe7+ 9. Qe2 Nb4 10. Ne4 Nbxd5 11. Bg5 h6 12. c4 hxg5 13. cxd5 Nxe4 14.
fxe4 O-O-O 15. O-O-O Rh4 16. f3 g6 17. Qe3 Kb8 18. Rd4 g4 19. fxg4 Bh6 0-1

[Event "IX Floripa Chess Open Fort Atacadista"]
[Site "Florianópolis - Santa Catari"]
[Date "2023.01.27"]
[Round "8.94"]
[White "Oliveira, Danyel Angelo Aquin"]
[Black "Hirano, Enzo Erich Kreutz"]
[Result "1/2-1/2"]
[WhiteElo "1954"]
[BlackElo "1741"]
[PlyCount "113"]
[EventDate "2023.01.23"]
[EventRounds "10"]
[EventCountry "BRA"]

1. e4 c5 2. Nf3 d6 3. Bb5+ Nd7 4. d4 cxd4 5. Qxd4 a6 6. Bxd7+ Bxd7 7. c4 e5 8.
Qd3 Nf6 9. Nc3 Be7 10. O-O h6 11. b3 O-O 12. a4 Qc7 13. Ba3 Rad8 14. Ne1 Nh5
15. g3 g5 16. Ng2 f5 17. exf5 Bxf5 18. Qe2 Nf6 19. Ne3 Be6 20. Qc2 Kg7 21. Rad1
Qc8 22. Rd2 Qc6 23. Rfd1 Rfe8 24. Ncd5 Bf8 25. Nf5+ Bxf5 26. Qxf5 Nxd5 27. Rxd5
b6 28. Qd3 Re6 29. a5 Rb8 30. Bxd6 Rxd6 31. Rxd6 Bxd6 32. Qxd6 Qxd6 33. Rxd6
bxa5 34. Rxa6 Rxb3 35. Rxa5 Rc3 36. Rc5 Kf6 37. Kf1 g4 38. Ke2 Ke6 39. Rc6+ Kf5
40. Rc8 Ke4 41. Kd2 Rd3+ 42. Ke2 Rc3 43. c5 Kd5 44. Rd8+ Ke6 45. Rc8 Kd5 46.
Rd8+ Ke4 47. Rg8 h5 48. Rc8 Kd5 49. Rd8+ Ke4 50. Rc8 Kd5 51. Rh8 Ke4 52. Rxh5
Rxc5 53. Kf1 Kf3 54. Rf5+ Ke4 55. Rf8 Kd3 56. Kg2 Rc6 57. Rf5 1/2-1/2

[Event "IX Floripa Chess Open Fort Atacadista"]
[Site "Florianópolis - Santa Catari"]
[Date "2023.01.27"]
[Round "8.95"]
[White "Gazola, Vanessa Ramos"]
[Black "Ribeiro Carrico, Victor Hugo"]
[Result "1-0"]
[WhiteElo "1949"]
[BlackElo "1737"]
[PlyCount "41"]
[EventDate "2023.01.23"]
[EventRounds "10"]
[EventCountry "BRA"]

1. d4 Nf6 2. c4 e6 3. Nf3 b6 4. g3 Bb7 5. Nc3 d5 6. cxd5 Nxd5 7. e3 Be7 8. Bb5+
Nd7 9. Ne5 N5f6 10. Nc6 Qc8 11. Nxe7 Kxe7 12. O-O Rd8 13. Bd3 c5 14. Qe2 e5 15.
Rd1 e4 16. Bc4 a6 17. a4 h5 18. b3 Qc7 19. h3 g5 20. Bb2 g4 21. h4 1-0

[Event "IX Floripa Chess Open Fort Atacadista"]
[Site "Florianópolis - Santa Catari"]
[Date "2023.01.27"]
[Round "8.96"]
[White "Nobre, Jailson Altair Barb"]
[Black "Caceres Benitez, Arturo Eduardo"]
[Result "0-1"]
[WhiteElo "1669"]
[BlackElo "1944"]
[PlyCount "54"]
[EventDate "2023.01.23"]
[EventRounds "10"]
[EventCountry "BRA"]

1. Nf3 c5 2. c4 Nc6 3. g3 g6 4. Bg2 Bg7 5. Nc3 e5 6. d3 Nge7 7. O-O d6 8. Be3
O-O 9. Rb1 f5 10. Bg5 Be6 11. Qd2 Qd7 12. Bh6 f4 13. Bxg7 Kxg7 14. Ng5 Bg4 15.
h3 h6 16. hxg4 hxg5 17. Bf3 a5 18. Ne4 Nd4 19. Nxg5 Nxf3+ 20. exf3 Nc6 21. Kg2
Qe7 22. gxf4 Rxf4 23. Nh3 Rd4 24. a3 Rf8 25. Ng5 Rdf4 26. Rh1 Qxg5 27. Rh3
Rxg4+ 0-1

[Event "IX Floripa Chess Open Fort Atacadista"]
[Site "Florianópolis - Santa Catari"]
[Date "2023.01.27"]
[Round "8.97"]
[White "Ramazzotte, Alexandre Franco"]
[Black "Heinechen, John"]
[Result "0-1"]
[WhiteElo "1649"]
[BlackElo "1935"]
[PlyCount "54"]
[EventDate "2023.01.23"]
[EventRounds "10"]
[EventCountry "BRA"]

1. e4 c5 2. Nf3 Nc6 3. d4 cxd4 4. Nxd4 g6 5. Be2 Bg7 6. Be3 Nf6 7. Nc3 O-O 8.
O-O d6 9. h3 Bd7 10. Qd2 Rc8 11. g4 Nxd4 12. Bxd4 Bc6 13. Qe3 b6 14. f4 e5 15.
fxe5 dxe5 16. Bxe5 Nxg4 17. Bxg4 Bxe5 18. Bxc8 Bd4 19. Rf3 Bxe3+ 20. Rxe3 Qg5+
21. Kf2 Rxc8 22. Rg1 Qf4+ 23. Rf3 Qd2+ 24. Kg3 Rd8 25. h4 Qd6+ 26. Kf2 Qh2+ 27.
Rg2 Rd2+ 0-1

[Event "IX Floripa Chess Open Fort Atacadista"]
[Site "Florianópolis - Santa Catari"]
[Date "2023.01.27"]
[Round "8.98"]
[White "Reichert, Thiago Da Cruz"]
[Black "Carlos, Roberta Souto"]
[Result "1-0"]
[WhiteElo "1930"]
[BlackElo "1698"]
[PlyCount "91"]
[EventDate "2023.01.23"]
[EventRounds "10"]
[EventCountry "BRA"]

1. d4 Nf6 2. c4 g6 3. Nc3 Bg7 4. e4 d6 5. f3 O-O 6. Be3 Nc6 7. Nge2 a6 8. Qd2
Rb8 9. Ng3 e5 10. d5 Ne7 11. Bd3 Ne8 12. O-O f5 13. Nge2 f4 14. Bf2 g5 15. Rfc1
Ng6 16. Kf1 g4 17. Ng1 Qg5 18. Be2 Bf6 19. Rc2 Qh5 20. fxg4 Qxh2 21. Qd3 Bg5
22. Qh3 Qxh3 23. gxh3 Bh4 24. Nf3 Be7 25. b4 Ng7 26. Kg2 h5 27. g5 Kh7 28. a4
h4 29. c5 Nh5 30. cxd6 cxd6 31. a5 Ng3 32. Bd3 Nh8 33. Na4 Nf7 34. Nb6 Nxg5 35.
Nxg5+ Bxg5 36. Kh2 Rd8 37. Rac1 f3 38. Rxc8 Bf4 39. R1c7+ Kg6 40. Kg1 Rdxc8 41.
Rxc8 Rxc8 42. Nxc8 Bd2 43. Nxd6 Bxb4 44. Nxb7 Ne2+ 45. Bxe2 fxe2 46. d6 1-0

[Event "IX Floripa Chess Open Fort Atacadista"]
[Site "Florianópolis - Santa Catari"]
[Date "2023.01.27"]
[Round "8.99"]
[White "Monteiro, Daniel Zotelli"]
[Black "Schena, Arthur"]
[Result "1-0"]
[WhiteElo "1642"]
[BlackElo "1918"]
[PlyCount "70"]
[EventDate "2023.01.23"]
[EventRounds "10"]
[EventCountry "BRA"]

1. e4 c5 2. Nf3 e6 3. d4 cxd4 4. Nxd4 Nf6 5. Nc3 Nc6 6. a3 Be7 7. Be3 d5 8.
exd5 exd5 9. Be2 O-O 10. O-O Be6 11. Re1 Qd7 12. h3 Rad8 13. Bf3 a6 14. Qe2 Ne5
15. Rad1 Nxf3+ 16. Qxf3 Rc8 17. Nce2 Rfd8 18. Nf4 Ne4 19. Ndxe6 fxe6 20. Bb6
Ng5 21. Qg4 Re8 22. Nxd5 Qb5 23. Nxe7+ Rxe7 24. Rd8+ Re8 25. Rxe8+ Rxe8 26. Bd4
e5 27. Qxg5 exd4 28. Rxe8+ Qxe8 29. Qd5+ Kh8 30. Qxd4 h6 31. a4 Qe1+ 32. Kh2
Kh7 33. Qd3+ Kh8 34. b3 Qe5+ 35. g3 Qxg3+ 1-0

[Event "IX Floripa Chess Open Fort Atacadista"]
[Site "Florianópolis - Santa Catari"]
[Date "2023.01.27"]
[Round "8.100"]
[White "Cavalcante, Adriano Nunes"]
[Black "Constantino, Pedro Henrique"]
[Result "1-0"]
[WhiteElo "1909"]
[BlackElo "1727"]
[PlyCount "72"]
[EventDate "2023.01.23"]
[EventRounds "10"]
[EventCountry "BRA"]

1. Nf3 Nf6 2. c4 g6 3. Nc3 d5 4. d4 Bg7 5. cxd5 Nxd5 6. e4 Nxc3 7. bxc3 c5 8.
Rb1 O-O 9. Be2 Qa5 10. Qd2 a6 11. O-O Nc6 12. Rd1 Bg4 13. Rxb7 Rad8 14. Qb2
Bxf3 15. Bxf3 cxd4 16. Qb6 Qa4 17. cxd4 Nxd4 18. Rf1 Nxf3+ 19. gxf3 Rd1 20. Qb3
Rxf1+ 21. Kxf1 Qc6 22. Ba3 Re8 23. Rxe7 Rxe7 24. Bxe7 Qc7 25. Ba3 Be5 26. h3
Kg7 27. Qb4 Qd8 28. Qe7 Qb8 29. Kg2 Bf6 30. Qd6 Qe8 31. Qxa6 Qe5 32. Qd6 Qg5+
33. Kh1 Kh6 34. Qg3 Qh5 35. Bf8+ Bg7 36. Qf4+ g5 1-0

[Event "IX Floripa Chess Open Fort Atacadista"]
[Site "Florianópolis - Santa Catari"]
[Date "2023.01.27"]
[Round "8.101"]
[White "De Resende, Sidnei"]
[Black "Kayser, Gustavo Warmling"]
[Result "0-1"]
[WhiteElo "1629"]
[BlackElo "1898"]
[PlyCount "84"]
[EventDate "2023.01.23"]
[EventRounds "10"]
[EventCountry "BRA"]

1. e4 c6 2. d4 d5 3. e5 c5 4. c3 Nc6 5. Nf3 Bg4 6. Nbd2 e6 7. Be2 Nge7 8. O-O
Nf5 9. h3 Bxf3 10. Nxf3 cxd4 11. cxd4 Qb6 12. Be3 Be7 13. a3 a5 14. Qd2 O-O 15.
Bd3 Nh4 16. Nxh4 Bxh4 17. f4 f5 18. Bc2 a4 19. Rab1 Na5 20. Qd1 Nc4 21. Bf2
Bxf2+ 22. Kxf2 Qa7 23. Bxa4 Qxa4 24. Qxa4 Rxa4 25. b3 Rxa3 26. bxc4 dxc4 27.
Rfc1 Rc8 28. Rxb7 Rd3 29. Rd7 Rd2+ 30. Kf3 c3 31. g4 c2 32. gxf5 exf5 33. Ke3
Rd1 34. Rxc2 Rxc2 35. d5 Rc5 36. Rd8+ Kf7 37. e6+ Kf6 38. Rf8+ Ke7 39. Rxf5
Rcxd5 40. Rf7+ Kxe6 41. Rxg7 R1d3+ 42. Ke2 Rxh3 0-1

[Event "IX Floripa Chess Open Fort Atacadista"]
[Site "Florianópolis - Santa Catari"]
[Date "2023.01.27"]
[Round "8.102"]
[White "Cristino, Felipe Borges"]
[Black "Franca Junior, Jairo"]
[Result "1-0"]
[WhiteElo "1893"]
[BlackElo "1696"]
[PlyCount "57"]
[EventDate "2023.01.23"]
[EventRounds "10"]
[EventCountry "BRA"]

1. d4 Nf6 2. c4 e6 3. Nc3 Bb4 4. f3 d5 5. a3 Bxc3+ 6. bxc3 c5 7. cxd5 exd5 8.
e3 O-O 9. Bd3 Nc6 10. Ne2 Re8 11. O-O Qc7 12. g4 Na5 13. Nf4 g5 14. Ne2 h6 15.
Rb1 Bd7 16. Qe1 Nc4 17. Bxc4 dxc4 18. Qg3 Qxg3+ 19. Nxg3 b6 20. dxc5 bxc5 21.
e4 Rab8 22. Be3 Rb3 23. Bxc5 Rxc3 24. Bd4 Rxa3 25. Bxf6 c3 26. Rb7 Be6 27. Rc7
Rc8 28. Rxc8+ Bxc8 29. Rc1 1-0

[Event "IX Floripa Chess Open Fort Atacadista"]
[Site "Florianópolis - Santa Catari"]
[Date "2023.01.27"]
[Round "8.103"]
[White "Ramazzotte, Maicon Zilli"]
[Black "Cruz, Natan Gomes"]
[Result "0-1"]
[WhiteElo "1562"]
[BlackElo "1891"]
[PlyCount "66"]
[EventDate "2023.01.23"]
[EventRounds "10"]
[EventCountry "BRA"]

1. d4 d5 2. c4 c6 3. Nc3 Nf6 4. cxd5 cxd5 5. Bg5 e6 6. e3 a6 7. Bd3 Nc6 8. a3
h6 9. Bh4 Be7 10. Nge2 Nd7 11. Bg3 O-O 12. O-O b5 13. e4 dxe4 14. Bxe4 Bb7 15.
d5 exd5 16. Nxd5 Nf6 17. Bc7 Qe8 18. Bf3 Nxd5 19. Bxd5 Rc8 20. Bb6 Bd8 21. Bc5
Be7 22. Bb6 Kh8 23. a4 Bf6 24. Rb1 bxa4 25. Re1 Qd7 26. Nf4 Nb4 27. Bf3 Qxd1
28. Bxd1 Rc4 29. Be3 Be4 30. Be2 Rc6 31. Rbc1 Nc2 32. Red1 Bxb2 33. Rb1 Nxe3
0-1

[Event "IX Floripa Chess Open Fort Atacadista"]
[Site "Florianópolis - Santa Catari"]
[Date "2023.01.27"]
[Round "8.104"]
[White "Mayeregger Gonzalez, Renata"]
[Black "Kazuhiro Shikasho, Erik"]
[Result "1-0"]
[WhiteElo "1543"]
[BlackElo "1886"]
[PlyCount "71"]
[EventDate "2023.01.23"]
[EventRounds "10"]
[EventCountry "BRA"]

1. e4 c5 2. Nc3 d6 3. g3 Nc6 4. Bg2 g6 5. Nge2 Bg7 6. O-O e6 7. d3 Nge7 8. Be3
O-O 9. Qd2 Rb8 10. Rae1 b5 11. Nd1 b4 12. Bh6 Qa5 13. Bxg7 Kxg7 14. Ne3 Rh8 15.
Nc4 Qd8 16. f4 f5 17. h3 h5 18. exf5 exf5 19. d4 d5 20. Ne5 c4 21. c3 a5 22.
Kh2 h4 23. gxh4 Rxh4 24. Ng1 bxc3 25. bxc3 Qd6 26. Ngf3 Rh8 27. Ng5 Rf8 28. Qf2
Bd7 29. Nxd7 Qxd7 30. Ne6+ Kf7 31. Nxf8 Kxf8 32. Re2 Qd6 33. Qh4 Kg7 34. Rfe1
Rb7 35. Re6 Qa3 36. Qf6+ 1-0

[Event "IX Floripa Chess Open Fort Atacadista"]
[Site "Florianópolis - Santa Catari"]
[Date "2023.01.27"]
[Round "8.105"]
[White "Marques, Eudes Pinto"]
[Black "Colaco, Willian Wagner Soar"]
[Result "1/2-1/2"]
[WhiteElo "1882"]
[BlackElo "1681"]
[PlyCount "94"]
[EventDate "2023.01.23"]
[EventRounds "10"]
[EventCountry "BRA"]

1. c4 c6 2. Nf3 d5 3. e3 Nf6 4. Nc3 g6 5. b3 Bg7 6. Bb2 Bg4 7. Be2 Nbd7 8. O-O
O-O 9. d4 Ne4 10. Nd2 Bxe2 11. Qxe2 Nxd2 12. Qxd2 e6 13. Rfe1 f5 14. Ba3 Rf7
15. f4 Bf8 16. Bxf8 Qxf8 17. c5 Nf6 18. b4 Ne4 19. Nxe4 fxe4 20. a4 a6 21. Qe2
Re7 22. Qg4 Qf5 23. Qe2 Ree8 24. b5 Rec8 25. Reb1 axb5 26. axb5 Qf8 27. b6 Rxa1
28. Rxa1 Ra8 29. Qb2 Rxa1+ 30. Qxa1 Qc8 31. h3 h5 32. Qa7 Kg7 33. Kh2 Kh6 34.
h4 Kg7 35. Kg1 Kh6 36. Qa5 Qb8 37. Qa1 Qc8 38. Kh2 Qb8 39. Qe1 Qd8 40. Qg3 Qf6
41. Qg5+ Kg7 42. Qe5 Qxe5 43. fxe5 Kh6 44. Kh3 g5 45. hxg5+ Kxg5 46. g3 Kh6 47.
Kh2 Kg6 1/2-1/2

[Event "IX Floripa Chess Open Fort Atacadista"]
[Site "Florianópolis - Santa Catari"]
[Date "2023.01.27"]
[Round "8.106"]
[White "Cardoso, Maria Paula Da Silv"]
[Black "Souza, Atahander"]
[Result "1/2-1/2"]
[WhiteElo "1511"]
[BlackElo "1882"]
[PlyCount "36"]
[EventDate "2023.01.23"]
[EventRounds "10"]
[EventCountry "BRA"]

1. e4 d5 2. exd5 Qxd5 3. Nc3 Qd6 4. d4 Nf6 5. Nf3 c6 6. Bd3 Bg4 7. Be3 e6 8.
O-O Nbd7 9. Qe2 Be7 10. a3 a5 11. Rad1 O-O 12. h3 Bh5 13. Bg5 Kh8 14. Ne4 Bxf3
15. Qxf3 Qxd4 16. Nxf6 Nxf6 17. Bxh7 Qe5 18. Bxf6 Bxf6 1/2-1/2

[Event "IX Floripa Chess Open Fort Atacadista"]
[Site "Florianópolis - Santa Catari"]
[Date "2023.01.27"]
[Round "8.107"]
[White "Martins De Aguiar, Marina"]
[Black "Goncalves, Davi Augusto"]
[Result "1/2-1/2"]
[WhiteElo "1873"]
[BlackElo "1667"]
[PlyCount "139"]
[EventDate "2023.01.23"]
[EventRounds "10"]
[EventCountry "BRA"]

1. e4 c5 2. Nf3 d6 3. d4 cxd4 4. Nxd4 Nf6 5. Nc3 a6 6. f3 e5 7. Nb3 Be6 8. Be3
Be7 9. Qd2 O-O 10. O-O-O b5 11. g4 Nbd7 12. g5 b4 13. Ne2 Nh5 14. Ng3 Nf4 15.
h4 a5 16. Kb1 Qc7 17. Nc1 Rfc8 18. Nce2 a4 19. Nc1 Ra5 20. Bxf4 exf4 21. Nf5
Bf8 22. Nd4 d5 23. Nxe6 fxe6 24. Bh3 Re8 25. exd5 exd5 26. Bxd7 Qxd7 27. Qxf4
Bd6 28. Qd2 Rb5 29. g6 h6 30. Rhe1 Rc8 31. Nd3 b3 32. cxb3 axb3 33. axb3 d4 34.
Qe2 Rxb3 35. Qe6+ Qxe6 36. Rxe6 Bg3 37. Re4 Rd8 38. Kc2 Rb6 39. Rg4 Bc7 40. Re1
Rc6+ 41. Kb1 Rf6 42. f4 Kf8 43. Rc1 Ba5 44. Rc5 Bd2 45. Rc7 Be3 46. Kc2 h5 47.
Rg5 Bxf4 48. Nxf4 Rxf4 49. Rxh5 d3+ 50. Kd2 Kg8 51. Rf7 Rg4 52. Rg5 Rxh4 53.
Rf2 Rc4 54. Ke3 Rb4 55. Rd2 Re8+ 56. Kf3 Rf8+ 57. Ke3 Re8+ 58. Kf3 Rf8+ 59. Ke3
Re8+ 60. Kxd3 Rd8+ 61. Kc3 Rxd2 62. Kxd2 Rxb2+ 63. Ke3 Rb3+ 64. Kf4 Rb4+ 65.
Kf3 Rb3+ 66. Kg4 Rb4+ 67. Kh5 Rb8 68. Rf5 Ra8 69. Kg5 Rb8 70. Re5 1/2-1/2

[Event "IX Floripa Chess Open Fort Atacadista"]
[Site "Florianópolis - Santa Catari"]
[Date "2023.01.27"]
[Round "8.108"]
[White "Marques Junior, Marcos Antonio"]
[Black "Ramazzotte, Adriano"]
[Result "0-1"]
[WhiteElo "1870"]
[BlackElo "1490"]
[PlyCount "151"]
[EventDate "2023.01.23"]
[EventRounds "10"]
[EventCountry "BRA"]

1. e4 c6 2. d4 d5 3. e5 c5 4. c3 cxd4 5. cxd4 Nc6 6. Nc3 Bf5 7. Nf3 e6 8. Be2
Qb6 9. O-O Bg4 10. Be3 Nge7 11. Na4 Qd8 12. Qb3 Bxf3 13. Bxf3 Na5 14. Qb5+ Nec6
15. Rac1 Qd7 16. Nc5 Bxc5 17. Qxc5 Qe7 18. b4 Qxc5 19. bxc5 Kd7 20. Be2 Rhb8
21. Bb5 a6 22. Ba4 b5 23. cxb6 Rxb6 24. Rc5 Nc4 25. Rxc6 Rxc6 26. Rb1 Kc7 27.
Bxc6 Kxc6 28. Kf1 a5 29. Ke2 a4 30. h4 h5 31. Bg5 Ra7 32. Kd3 g6 33. Rb8 a3 34.
Bc1 Nb6 35. Kc2 Nc4 36. Kb3 Ra6 37. Rb4 Ra7 38. Ra4 Rb7+ 39. Rb4 Ra7 40. Rb8
Ra6 41. f3 Ra7 42. Bg5 Kc7 43. Rb5 Kc6 44. Kb4 Rd7 45. Rc5+ Kb6 46. Rc8 Ka7 47.
Rc5 Kb6 48. g4 Kb7 49. Bc1 Kb8 50. Rb5+ Kc8 51. gxh5 gxh5 52. Bxa3 Ra7 53. Bc1
Rxa2 54. Kc5 Rc2 55. Bg5 Na3+ 56. Kb6 Nxb5 57. Kxb5 Rc3 58. Be7 Kd7 59. Bg5
Rxf3 60. Kb4 Ke8 61. Kc5 Kf8 62. Kd6 Kg7 63. Bd8 Kg6 64. Bg5 Kf5 65. Ke7 Ke4
66. Bf6 Kf5 67. Kxf7 Rf4 68. Kg7 Rxd4 69. Kh6 Rg4 70. Kxh5 Rg6 71. Bg5 d4 72.
Bd2 d3 73. Bc3 Rg2 74. Kh6 d2 75. Bxd2 Rxd2 76. h5 0-1

[Event "IX Floripa Chess Open Fort Atacadista"]
[Site "Florianópolis - Santa Catari"]
[Date "2023.01.27"]
[Round "8.109"]
[White "Calcada, Henrique Galvan"]
[Black "De Souza Monteiro, Marcos Paulo"]
[Result "1-0"]
[WhiteElo "1469"]
[BlackElo "1869"]
[PlyCount "97"]
[EventDate "2023.01.23"]
[EventRounds "10"]
[EventCountry "BRA"]

1. Nf3 c5 2. c4 g6 3. d4 cxd4 4. Nxd4 Bg7 5. e4 Nf6 6. Nc3 d6 7. Be2 O-O 8. Be3
Nc6 9. O-O Bd7 10. Qd2 Re8 11. Rfd1 Ne5 12. h3 Qc8 13. b3 a6 14. Rac1 Bc6 15.
f4 Ned7 16. Nxc6 bxc6 17. Bf3 Qc7 18. Na4 Red8 19. Qf2 Rab8 20. c5 dxc5 21.
Nxc5 Nxc5 22. Rxd8+ Rxd8 23. Rxc5 Rd3 24. e5 Nd5 25. Bxd5 Rd1+ 26. Kh2 Rxd5 27.
Rc4 Qd7 28. Qc2 Rd3 29. Bc1 Bh6 30. Rxc6 Qf5 31. Qf2 Qe4 32. Rc4 Qd5 33. Qh4
Bf8 34. Qf2 Rd1 35. Be3 Qa5 36. Ra4 Qb5 37. Rc4 h5 38. Qf3 Qd7 39. Qe2 Rd3 40.
Bc1 h4 41. Qg4 Qd5 42. Qxh4 Rd1 43. Qf2 Qd3 44. Qc2 Qf1 45. Be3 Qh1+ 46. Kg3
Rf1 47. Qe2 Re1 48. Qd3 Rd1 49. Qe2 1-0

[Event "IX Floripa Chess Open Fort Atacadista"]
[Site "Florianópolis - Santa Catari"]
[Date "2023.01.27"]
[Round "8.110"]
[White "Kikuchi, Alexandre Hideki Lo"]
[Black "Ribeiro, Fabiano Pinto"]
[Result "0-1"]
[WhiteElo "1800"]
[BlackElo "1865"]
[PlyCount "112"]
[EventDate "2023.01.23"]
[EventRounds "10"]
[EventCountry "BRA"]

1. d4 d5 2. Bf4 Nf6 3. Nf3 c5 4. c3 Nc6 5. e3 Qb6 6. Qb3 c4 7. Qxb6 axb6 8.
Nbd2 b5 9. h3 b4 10. Ne5 bxc3 11. bxc3 Ra3 12. Nb1 Ra4 13. Nxc6 bxc6 14. g4 h6
15. Be2 e6 16. Bd1 Ra6 17. a4 c5 18. Nd2 cxd4 19. exd4 Be7 20. Bc2 O-O 21. Nf3
Bd8 22. g5 Nh5 23. Bd2 hxg5 24. Bxg5 Bxg5 25. Nxg5 Re8 26. Kd2 Bd7 27. Ra3 e5
28. Re1 e4 29. Nxe4 dxe4 30. Rxe4 Rxe4 31. Bxe4 Rxa4 32. Rxa4 Bxa4 33. Ke3 Nf6
34. Bg2 Kf8 35. d5 Ke7 36. Kd4 Bb3 37. Bf3 Kd6 38. h4 Nd7 39. Bh5 g6 40. Bf3
Nb6 41. Bg2 Na8 42. Bf1 Nc7 43. Bxc4 Bxc4 44. Kxc4 Nxd5 45. Kd4 Ne7 46. Ke4 Ke6
47. Kf3 Kf5 48. Kg3 Nd5 49. c4 Nf6 50. f3 Ke5 51. f4+ Kf5 52. c5 Ne4+ 53. Kf3
Nxc5 54. Kg3 Ne6 55. Kf3 Nxf4 56. Kg3 Nh5+ 0-1

[Event "IX Floripa Chess Open Fort Atacadista"]
[Site "Florianópolis - Santa Catari"]
[Date "2023.01.27"]
[Round "8.111"]
[White "Da Silva, Miguel Michels"]
[Black "Barbosa, Flavio Novais"]
[Result "1/2-1/2"]
[WhiteElo "1156"]
[BlackElo "1863"]
[PlyCount "92"]
[EventDate "2023.01.23"]
[EventRounds "10"]
[EventCountry "BRA"]

1. d4 d5 2. c4 c6 3. Nc3 Nf6 4. cxd5 cxd5 5. Nf3 g6 6. Bg5 Bg7 7. e3 O-O 8. Bd3
Nc6 9. O-O Be6 10. Qb3 Qb6 11. Qxb6 axb6 12. a3 Rfc8 13. Rac1 h6 14. Bh4 g5 15.
Bg3 Nh5 16. Rfd1 Nxg3 17. hxg3 Rd8 18. Ne2 Rac8 19. Rc3 Na5 20. Rdc1 Rxc3 21.
Rxc3 Rd6 22. Rc7 Rc6 23. Rxe7 Kf8 24. Rxe6 fxe6 25. Nc3 Nc4 26. Bxc4 Rxc4 27.
Kf1 Kf7 28. Ke2 Rc8 29. Nh2 Kf6 30. f4 b5 31. Kd3 b4 32. axb4 Bf8 33. Nb5 Bxb4
34. Ng4+ Kg7 35. Nc3 h5 36. Nf2 Bxc3 37. bxc3 Ra8 38. fxg5 Kg6 39. Nh3 Kf5 40.
Nf4 Kxg5 41. Nxe6+ Kg4 42. Nf4 Ra5 43. Kd2 Kxg3 44. Nxh5+ Kxg2 45. Nf6 Kf2 46.
e4 dxe4 1/2-1/2

[Event "IX Floripa Chess Open Fort Atacadista"]
[Site "Florianópolis - Santa Catari"]
[Date "2023.01.27"]
[Round "8.112"]
[White "Trombini, Fabio"]
[Black "Vinales Gonzalez, Enzo Mathias"]
[Result "0-1"]
[WhiteElo "1861"]
[BlackElo "1473"]
[PlyCount "64"]
[EventDate "2023.01.23"]
[EventRounds "10"]
[EventCountry "BRA"]

1. b3 d5 2. Bb2 Bf5 3. d3 Nc6 4. Nf3 e6 5. Nbd2 Nf6 6. g3 Bd6 7. Bg2 e5 8. O-O
h6 9. c4 d4 10. a3 a5 11. Nh4 Bh7 12. Ne4 Nxe4 13. Bxe4 Bxe4 14. dxe4 O-O 15.
Nf5 Ne7 16. Qd3 Nxf5 17. exf5 c5 18. Qe4 Qb6 19. f6 Rfe8 20. fxg7 Re6 21. Qc2
e4 22. Rfb1 Rd8 23. Rd1 Rde8 24. Rab1 Rg6 25. b4 e3 26. f3 Bxg3 27. Qf5 Re5 28.
Qc8+ Kxg7 29. Qh3 Bf2+ 30. Kh1 Reg5 31. bxc5 Qxb2 32. f4 Qxb1 0-1